| 000 | 00876cam a2200289 a 4500 | ||
|---|---|---|---|
| 001 | 3839557 | ||
| 003 | LC | ||
| 005 | 20160301143456.0 | ||
| 008 | 870227s1987 nyu 000 1 eng | ||
| 010 | _a 87006910 | ||
| 020 | _a0399132414 | ||
| 040 |
_aDLC _cDLC _dDLC _dOCoLC _dDLC |
||
| 050 | 0 | 0 |
_aPS 3553 _b.C587 1987 |
| 082 | 0 | 0 |
_aFIC _bC52p 1987 |
| 100 | 1 |
_aClancy, Tom, _d1947- _917448 |
|
| 245 | 1 | 0 |
_aPatriot games / _cTom Clancy. |
| 260 |
_aNew York : _bPutnam, _cc1987. |
||
| 300 |
_a540 p. ; _c24 cm. |
||
| 562 | _e2 | ||
| 650 | 0 |
_aRyan, Jack, Sr. (Fictitious character) _vFiction. _917449 |
|
| 655 | 7 |
_aSpy stories. _2gsafd _94765 |
|
| 856 | 4 | 2 |
_3Contributor biographical information _uhttp://www.loc.gov/catdir/enhancements/fy1305/87006910-b.html |
| 906 |
_a7 _bcbc _corignew _d1 _eocip _f19 _gy-gencatlg |
||
| 942 |
_2lcc _cBK |
||
| 999 |
_c10719 _d10719 |
||